¿Han visto mi zapatilla? Las filosofías tras la fiesta del punk.
Zapisane w:
| 1. autor: | |
|---|---|
| Format: | Nieznany |
| Język: | angielski |
| Wydane: |
Santiago, Chile:
Santiago-Ander,
2023.
|
| Hasła przedmiotowe: | |
| Etykiety: |
Dodaj etykietę
Nie ma etykietki, Dołącz pierwszą etykiete!
|
MARC
| LEADER | 00000 a2200000 4500 | ||
|---|---|---|---|
| 003 | CL-VaPUC | ||
| 005 | 20230607091620.0 | ||
| 008 | 230530t2023 ||||| |||| 00| 0 eng d | ||
| 999 | |c 440762 |d 440760 | ||
| 020 | |a 9789569921322 | ||
| 040 | |c Pontificia Universidad Católica de Valparaíso | ||
| 082 | |2 22 |a 781.66019 SCH 2023 | ||
| 100 | |9 882689 |a Schele, Eduardo |e autor | ||
| 245 | |a ¿Han visto mi zapatilla? |b Las filosofías tras la fiesta del punk. | ||
| 260 | |a Santiago, Chile: |b Santiago-Ander, |c 2023. | ||
| 300 | |a 100 páginas. | ||
| 583 | |k Catalogador Asistente |c 20230530 | ||
| 650 | 0 | |9 882690 |a Movimiento punk |x Movimiento musical y cultural |v Crítica e interpretación |v Aspectos filosóficos |y 1970 | |
| 650 | 0 | |9 530750 |a Música rock |x Punk |v Ensayo |v Interpretación filosófica | |
| 942 | |2 ddc |c BK | ||
| 952 | |0 0 |1 0 |2 ddc |4 0 |6 781_660190000000000_SCH_2023 |7 0 |8 A |9 590191 |a BIBART |b BIBART |c GEN |d 2023-05-25 |e 181 |g 10000.00 |i 5657537 |o 781.66019 SCH 2023 |p 5657537 |r 2025-03-13 |t 1 |v 10000.00 |w 2023-05-25 |y BK |k ART | ||